000 00486nam a2200157 i 4500
001 86702
003 ES-MaACL
005 20230906175515.0
007 t|
008 041215s1970 sp ||||1| spa d
100 1 _aKing, John Andrews.
_968062
245 1 3 _aLa evaluación de proyectos de desarrollo económico
_b: experiencias del Banco Mundial /
_cJohn A. King.
260 _aMadrid :
_bTecnos,
_c[1970]
300 _a546 p. :
_bil. ;
_c23 cm.
852 _aES-MaACL
_jC-38047
_bR.74718
999 _c86702
_d86702